| 000 | 01031cab a2200337 4500 | ||
|---|---|---|---|
| 001 | ABS39781 | ||
| 008 | 090401t1988 xxu||||| |||| 00| 0 eng d | ||
| 035 | _a(Sirsi) u18942 | ||
| 041 | _aeng | ||
| 245 | _aQS software feature | ||
| 260 | _c1988 | ||
| 350 | _a0 | ||
| 490 |
_aCivil Engineering Surveyor _v13(7) September 1988, 18-22(4) |
||
| 520 | _aReviews some quantity surveying software packages currently available and their capabilities. Includes a table of systems, functions, libraries available, hardware, storage and costs excluding hardware. Also gives the development background to the systems and contact names and addresses. | ||
| 650 | _aBOS | ||
| 650 | _aBQ3 | ||
| 650 | _aCATO | ||
| 650 | _aCHIPS | ||
| 650 | _aCICA | ||
| 650 | _aCOMPUTERS | ||
| 650 | _aICEPAC | ||
| 650 | _aISEC | ||
| 650 | _aMASTERBILL | ||
| 650 | _aMICRO RATE | ||
| 650 | _aQUMIC | ||
| 650 | _aRIBA SERVICES LTD | ||
| 650 | _aTECHSONIX | ||
| 690 |
_aQuantity surveying _96263 |
||
| 942 | _n0 | ||
| 948 | _c04/03/1997 | ||
| 999 |
_c12602 _d12602 |
||